<?xml version="1.0" encoding="UTF-8"?><?xml-stylesheet type="text/xsl" href="static/style.xsl"?><OAI-PMH xmlns="http://www.openarchives.org/OAI/2.0/" xmlns:xsi="http://www.w3.org/2001/XMLSchema-instance" xsi:schemaLocation="http://www.openarchives.org/OAI/2.0/ http://www.openarchives.org/OAI/2.0/OAI-PMH.xsd"><responseDate>2026-04-17T01:51:57Z</responseDate><request verb="GetRecord" identifier="oai:www.recercat.cat:2072/475174" metadataPrefix="marc">https://recercat.cat/oai/request</request><GetRecord><record><header><identifier>oai:recercat.cat:2072/475174</identifier><datestamp>2024-11-04T07:46:03Z</datestamp><setSpec>com_2072_98</setSpec><setSpec>col_2072_378192</setSpec></header><metadata><record xmlns="http://www.loc.gov/MARC21/slim" xmlns:dcterms="http://purl.org/dc/terms/" xmlns:xsi="http://www.w3.org/2001/XMLSchema-instance" xmlns:doc="http://www.lyncode.com/xoai" xsi:schemaLocation="http://www.loc.gov/MARC21/slim http://www.loc.gov/standards/marcxml/schema/MARC21slim.xsd">
   <leader>00925njm 22002777a 4500</leader>
   <datafield ind2=" " ind1=" " tag="042">
      <subfield code="a">dc</subfield>
   </datafield>
   <datafield ind2=" " ind1=" " tag="720">
      <subfield code="a">Santirso Rodríguez, Manuel</subfield>
      <subfield code="e">author</subfield>
   </datafield>
   <datafield ind2=" " ind1=" " tag="260">
      <subfield code="c">2024</subfield>
   </datafield>
   <datafield ind2=" " ind1=" " tag="520">
      <subfield code="a">El desenlace de la expedición hispano-franco-británica a México de 1861-1862 ha sido explicado a menudo como consecuencia de decisiones individuales, sobre todo las del general español Juan Prim. Sin embargo, la retirada del contingente a su mando estaba prevista de antemano en las directrices de su Gobierno, presidido por Leopoldo O'Donnell y con Saturnino Calderón Collantes como ministro de Estado. Los tres mandatarios actuaron siempre de común acuerdo y superando la imposibilidad material de una comunicación rápida. La correspondencia diplomática entre los diversos países implicados demuestra que el Gobierno español no buscó reconquistar México ni -a diferencia del francés- instaurar una monarquía en aquel país, sino proteger a sus nacionales y afirmar su influencia, combinando la exhibición de fuerza militar y las negociaciones políticas.</subfield>
   </datafield>
   <datafield ind2=" " ind1=" " tag="520">
      <subfield code="a">The outcome of the Spanish-Franco-British expedition to Mexico in 1861-1862 has often been explained as a consequence of individual decisions, especially those of the Spanish General Juan Prim. However, the withdrawal of the contingent under his command has been foreseen in advance in the guidelines of his Government, presided by Leopoldo O'Donnell and with Saturnino Calderón Collantes as Minister of Foreign Affairs. The three leaders always acted in common agreement, overcoming the material impossibility of fast communication. The diplomatic correspondence between the several countries involved demonstrates that the Spanish Government did not seek to reconquer Mexico nor -unlike the French Empire- establish a monarchy in that country, but rather to protect its nationals and assert its influence, by combining the display of military force and the political negotiations</subfield>
   </datafield>
   <datafield ind1="8" ind2=" " tag="024">
      <subfield code="a">http://hdl.handle.net/2072/475174</subfield>
   </datafield>
   <datafield tag="653" ind2=" " ind1=" ">
      <subfield code="a">México</subfield>
   </datafield>
   <datafield tag="653" ind2=" " ind1=" ">
      <subfield code="a">Intervención tripartita</subfield>
   </datafield>
   <datafield tag="653" ind2=" " ind1=" ">
      <subfield code="a">Gobierno largo de O'Donnell</subfield>
   </datafield>
   <datafield tag="653" ind2=" " ind1=" ">
      <subfield code="a">II Imperio francés</subfield>
   </datafield>
   <datafield tag="653" ind2=" " ind1=" ">
      <subfield code="a">Juan Prim</subfield>
   </datafield>
   <datafield tag="653" ind2=" " ind1=" ">
      <subfield code="a">Mexico</subfield>
   </datafield>
   <datafield tag="653" ind2=" " ind1=" ">
      <subfield code="a">Tripartite intervention</subfield>
   </datafield>
   <datafield tag="653" ind2=" " ind1=" ">
      <subfield code="a">O'Donnell's long government</subfield>
   </datafield>
   <datafield tag="653" ind2=" " ind1=" ">
      <subfield code="a">2nd French Empire</subfield>
   </datafield>
   <datafield ind2="0" ind1="0" tag="245">
      <subfield code="a">Del lado de acá. Una revisión desde Europa de la expedición tripartita a México (1861-1862)</subfield>
   </datafield>
</record></metadata></record></GetRecord></OAI-PMH>